Tilastot visalle Maailman suurimmat kaupungit

Klikkaa tästä pelataksesi tätä visaa!

Yleistilastot

  • Tätä visaa on pelattu 2 908 kertaa
  • Keskiarvotulos 19 / 50

Vastaustilastot

VäkilukuKaupunkialue% Oikein
22,4 milNew York
93%
40,2 milTokio
92%
11,4 milPariisi
87%
17,2 milMoskova
87%
14,7 milLontoo
86%
20,4 milPeking
86%
17,8 milLos Angeles
77%
29,4 milDelhi
70%
22,8 milMéxico
65%
35,9 milShanghai
65%
13,1 milRio de Janeiro
59%
20,5 milKairo
56%
8,55 milWashington, DC
52%
24,7 milMumbai
51%
24,7 milSoul
50%
18,3 milBangkok
47%
15,8 milIstanbul
47%
16,3 milBuenos Aires
45%
30,6 milJakarta
45%
9,75 milChicago
41%
17,7 milOsaka
37%
25,2 milManila
37%
22,2 milSão Paulo
36%
16,6 milKalkutta
35%
9,90 milLima
31%
15,0 milTeheran
31%
19,5 milDhaka
27%
8,70 milKuala Lumpur
27%
18,8 milLagos
27%
9,80 milBogotá
26%
13,7 milJohannesburg
25%
8,85 milWuhan
25%
9,10 milTaipei
23%
45,6 milKanton
19%
17,3 milKarachi
17%
12,0 milKinshasa
17%
11,0 milChennai
16%
8,60 milHồ Chí Minh
14%
11,8 milBangalore
13%
10,5 milNagoya
11%
12,6 milLahore
11%
9,85 milHyderabad
10%
13,2 milTianjin
9%
8,05 milChongqing
9%
7,90 milLuanda
9%
9,80 milChengdu
8%
8,25 milAhmedabad
8%
9,90 milXiamen
7%
8,30 milHangzhou
6%
7,90 milShenyang
5%

Tulosjakauma

Persentiili vastausten määrän mukaan

Jokaisen tuloksen saaneiden osuus

Tuloshistoriasi

Et ole pelannut tätä visaa